00601nam a2200181 a 450000100100000000500170001000800410002702000150006804000250008310000280010824500410013626000690017730000210024650000210026704900090028895201050029799900170040200002240820200930011722.0101008s2002 dr 001 0 spa d a9591007477 aDO-SdBNPbspacBNPHU1 aFornet, Ambrosio91554513aEl libro en Cuba /cAmbrosio Fornet. aLa Habana, :bInstituto Cubano del LibrobLetras Cubanas,c2002. a239 p. ;c28 cm. aIncluye índice aBNPD 0010718PDaPDbPDcCTd2010-10-08iLF1l0o p22408-10r2020-06-25w2020-06-25yLFPDZNo se presta c21906d21906